000 00526cam a2200181 4500500
005 20260405003552.0
041 _afre
042 _adc
100 1 0 _aGoron, Gaëtan
_eauthor
245 0 0 _aPhilo croisés #82
260 _c2022.
500 _a38
690 _aGaëtan Goron
690 _aJeu
690 _aMots croisés
786 0 _nPhilosophie magazine | 161 | 8 | 2022-07-01 | p. 72-72 | 1951-1787
856 4 1 _uhttps://shs.cairn.info/magazine-philosophie-magazine-2022-8-page-72?lang=fr&redirect-ssocas=7080
999 _c2068833
_d2068834